|
|
|
|
| LEADER |
00000nam0a2200000 4500 |
| 001 |
84678 |
| 005 |
20231101213354.0 |
| 010 |
|
|
|a 5724603144
|
| 035 |
|
|
|a (RuTPU)RU\TPU\book\91004
|
| 090 |
|
|
|a 84678
|
| 100 |
|
|
|a 20051102d2004 m y0rusy50 ca
|
| 101 |
0 |
|
|a rus
|
| 102 |
|
|
|a RU
|
| 105 |
|
|
|a a j 001zy
|
| 200 |
1 |
|
|a Основы трехмерной сейсморазведки
|e учебное пособие
|f А. К. Урупов
|
| 210 |
|
|
|a Москва
|c Нефть и газ
|d 2004
|
| 215 |
|
|
|a 584 с.
|c ил.
|
| 320 |
|
|
|a Библиогр.: с. 567-569.
|
| 330 |
|
|
|a Книга является учебным пособием по курсу «Сейсморазведка» для студентов, обучающихся в вузах по направлению 650200 «Технология геологической разведки» и специальности 080400 «Геофизические методы поисков и разведки месторождений полезных ископаемых». Она предназначена также для геофизиков, геологов и других специалистов, работающих в нефтегазовой промышленности. Представляя собой завершающую часть курса «Сейсморазведка» — основного курса нефтегазовой геофизики и геологии, содержит сведения о теории и технологии 3D сейсморазведки, получившей в последнее десятилетие повсеместное применение при поисках, разведке и разработке нефтегазовых месторождений. В работе отражены современные возможности 3D сейсморазведки, ее преимущества перед 2D сейсморазведкой, которая до недавних пор являлась основным методом сейсмических исследований; рассмотрены площадные и пространственные системы наблюдений, способы выбора главных атрибутов систем и расчета их параметров, технология полевых работ 3D.
|
| 330 |
|
|
|a Изложены геологические и физические основы 3D сейсморазведки, даны сведения об упругих и поглощающих свойствах геологических сред. Особое внимание уделено сейсмическим параметрам, содержащим информацию о коллекторских свойствах пород и их нефтегазонасыщенности. Приведены основные сведения из теории распространения сейсмических волн в трёхмерной среде и теория многомерных временных полей как основа динамической (акустической и упругой) и кинематической инверсии. Описаны особенности процесса обработки и интерпретации данных 3D сейсморазведки. Представлены способы формирования объемных изображений геологической среды, способы кинематического анализа, применяемые для изучения скоростей и структурных построений, технология динамического анализа волновых полей, используемая при их акустической и упругой инверсии. Впервые широко освещены способы определения и интерпретации кинематических и динамических параметров анизотропии, реализующие одно из основных достоинств 3D сейсморазведки — возможность детального равномерного площадного и объемного изучения геологической среды с учетом зависимости ее свойств от направления распространения волн, т.е. анизотропии.
|
| 606 |
|
|
|a Сейсмическая разведка
|2 stltpush
|3 (RuTPU)RU\TPU\subj\54338
|9 72495
|
| 610 |
1 |
|
|a учебные пособия
|
| 610 |
1 |
|
|a системы наблюдений
|
| 610 |
1 |
|
|a физические основы
|
| 610 |
1 |
|
|a геологические основы
|
| 610 |
1 |
|
|a трехмерные среды
|
| 610 |
1 |
|
|a упругие свойства
|
| 610 |
1 |
|
|a сейсмические волны
|
| 610 |
1 |
|
|a распространение
|
| 610 |
1 |
|
|a теория временных полей
|
| 610 |
1 |
|
|a прямые кинематические задачи
|
| 610 |
1 |
|
|a обработка данных
|
| 610 |
1 |
|
|a данные
|
| 610 |
1 |
|
|a кинематическая инверсия
|
| 610 |
1 |
|
|a временные поля
|
| 610 |
1 |
|
|a волновые поля
|
| 610 |
1 |
|
|a анизотропия
|
| 610 |
1 |
|
|a геология
|
| 610 |
1 |
|
|a разведка
|
| 675 |
|
|
|a 550.834(075.8)
|v 3
|
| 700 |
|
1 |
|a Урупов
|b А. К.
|g Адам Константинович
|
| 801 |
|
1 |
|a RU
|b 63413507
|c 20051102
|g PSBO
|
| 801 |
|
2 |
|a RU
|b 63413507
|c 20190902
|g PSBO
|
| 900 |
|
|
|a Геофизические методы поисков и разведки МПИ
|
| 900 |
|
|
|a Сейсморазведка
|
| 900 |
|
|
|a Основы сейсморазведки
|
| 942 |
|
|
|c BK
|
| 952 |
|
|
|b 130201
|
| 959 |
|
|
|a 87/20051102
|d 5
|e 1250,00
|f НФ:5
|
| 959 |
|
|
|a 39/20060524
|d 1
|e 1400,00
|f НФ:1
|